| 000 | 01145nam a22002894a 4500 | ||
|---|---|---|---|
| 001 | ebr10120178 | ||
| 003 | CaPaEBR | ||
| 006 | m u | ||
| 007 | cr cn||||||||| | ||
| 008 | 000608s2001 nyu sb 001 0 eng | ||
| 020 | _z0814405975 | ||
| 040 |
_aCaPaEBR _cCaPaEBR |
||
| 035 | _a(OCoLC)228136514 | ||
| 050 | 1 | 4 |
_aHF5549.5.R58 _bB72 2001eb |
| 082 | 0 | 4 |
_a658.3 _221 |
| 100 | 1 | _aBranham, Leigh. | |
| 245 | 1 | 0 |
_aKeeping the people who keep you in business _h[electronic resource] : _b24 ways to hang on to your most valuable talent / _cLeigh Branham. |
| 260 |
_aNew York : _bAMACOM, _cc2001. |
||
| 300 | _axiii, 338 p. | ||
| 504 | _aIncludes bibliographical references (p. 321-332) and index. | ||
| 533 |
_aElectronic reproduction. _bPalo Alto, Calif. : _cebrary, _d2013. _nAvailable via World Wide Web. _nAccess may be limited to ebrary affiliated libraries. |
||
| 650 | 0 | _aEmployee retention. | |
| 650 | 0 | _aLabor turnover. | |
| 655 | 7 |
_aElectronic books. _2local |
|
| 710 | 2 | _aebrary, Inc. | |
| 856 | 4 | 0 |
_uhttp://site.ebrary.com/lib/rucke/Doc?id=10120178 _zAn electronic book accessible through the World Wide Web; click to view |
| 999 |
_c110502 _d110502 |
||